100 mots aléatoire Harry potter #2 - Statistiques

Statistiques générales
  • Ce quiz a été pris 43 fois
  • Le résultat moyen est 54 sur 100
Statistiques - réponses
Réponse % Correct
à
100%
d'
97%
l'
97%
c'
94%
Harry
94%
est
91%
est-
91%
est?
91%
le
91%
n'
91%
ce
88%
de
88%
Il
88%
il
88%
qu'
88%
—Qu'
88%
Ron
88%
que
85%
un
85%
ça,
79%
et
79%
y
79%
avait
76%
—J'
76%
une
74%
pas
71%
plus
68%
ai
65%
en
62%
En
62%
je
62%
62%
dit-
53%
ses
41%
seul
41%
voix
41%
Si
35%
sur
35%
petit
32%
bée.
29%
morceau
26%
bouche
24%
crois...
24%
beaucoup
21%
doigts,
21%
paquet
21%
tissu
21%
très
21%
aux
18%
entre
18%
existe
18%
parler
18%
prenant
18%
resta
18%
vraiment
18%
entendu
15%
ouvrir.
15%
papier
15%
déchira
9%
léger,
9%
précieux...
9%
sourde.
9%
eut
6%
impression
6%
toucher
6%
ramassa
3%
sol
3%
argentée,
0%
brillant.
0%
forma
0%
glissa
0%
luisants.
0%
reflets
0%
tas
0%
teinte
0%
Aucun quiz correspondant
Distribution des résultats
% des personnes avec chaque résultat
Percentile par nombre de réponses
Votre historique - résultats
Vous n’avez pas pris ce quiz